TEACHING IN HIGHER EDUCATION (Record no. 216783)

MARC details
000 -LEADER
fixed length control field 00517nam a22001817a 4500
008 - FIXED-LENGTH DATA ELEMENTS--GENERAL INFORMATION
fixed length control field 260305b |||||||| |||| 00| 0 eng d
020 ## - INTERNATIONAL STANDARD BOOK NUMBER
International Standard Book Number 978-178135369-1
050 ## - LIBRARY OF CONGRESS CALL NUMBER
Classification number LB 2331 .B53 2020
Item number 1
100 ## - MAIN ENTRY--PERSONAL NAME
Personal name BLAIR , ERIK
245 ## - TITLE STATEMENT
Title TEACHING IN HIGHER EDUCATION
260 ## - PUBLICATION, DISTRIBUTION, ETC.
Place of publication, distribution, etc. CROWN HOUSE PUBLISHING.
Name of publisher, distributor, etc. INDIPENDENT THINKING PRESS.
Date of publication, distribution, etc. 2020.
300 ## - PHYSICAL DESCRIPTION
Extent XI ,148, :ILL
500 ## - GENERAL NOTE
General note INCLUIDE INDEX
650 ## - SUBJECT ADDED ENTRY
Topical term or geographic name entry element TEACHING IN HIGHER EDUCATION
700 ## - ADDED ENTRY--PERSONAL NAME
Personal name BLAIR , ERIK
942 ## - ADDED ENTRY ELEMENTS (KOHA)
Source of classification or shelving scheme Library of Congress Classification
Koha item type Long Loan Book
Holdings
Withdrawn status Lost status Source of classification or shelving scheme Damaged status Not for loan Collection Home library Current library Shelving location Date acquired Inventory number Total checkouts Full call number Barcode Date last seen Copy number Price effective from Koha item type
    Library of Congress Classification     Arts & Social Sciences Kisii University Library Kisii University Library On Display 03/05/2026 112152   LB 2331 .BB53 2020 a001093 03/05/2026 C.1 03/05/2026 Long Loan Book
    Library of Congress Classification     Arts & Social Sciences Kisii University Library Kisii University Library On Display 03/05/2026 112153   LB 2331 .BB53 2020 a001094 03/05/2026 C.2 03/05/2026 Long Loan Book
    Library of Congress Classification     Arts & Social Sciences Kisii University Library Kisii University Library On Display 03/05/2026 112154   LB 2331 .BB53 2020 a001091 03/05/2026 C.3 03/05/2026 Long Loan Book
    Library of Congress Classification     Arts & Social Sciences Kisii University Library Kisii University Library On Display 03/05/2026 112155   LB 2331 .BB53 2020 a001092 03/05/2026 C.4 03/05/2026 Long Loan Book
    Library of Congress Classification     Arts & Social Sciences Kisii University Library Kisii University Library On Display 03/05/2026 112156   LB 2331 .BB53 2020 a001089 03/05/2026 C.5 03/05/2026 Long Loan Book